00990nam a2200265Ia 450000500170000000800410001702000180005808200180007610000260009424501020012025000180022230000600024049000460030050000710034653400350041765000340045265000370048665000200052370000280054326400300057133600270060133700330062833800280066104000350068920220317001531.0161108s9999 xx 000 0 und d a978848310549804a514.742bM15g1 aMandelbrot, Benoit B.13aLa geometría fractal de la naturalezacBeno{dblac}t B. Mandelbrot ; traducción de Josep Llosa a3a. edición a662 Páginasbilustraciónes en blanco y negroc23 cm aMetatemas : libros para pensar la ciencia aEn cubierta : una obra imprescindible del "padre de los fractales" tThe fractal Geometry of Nature142LEMBaGeometría descriptiva142LEMBaAplicaciones Científicas142LEMBaFractales1 aLlosa, Josepetraductor aBarcelonabTusquetsc2003 atextobtxt2rdacontent asin mediaciónbn2rdamedia avolumenbnc2rdacarrier aCO-BoRNBPbspaerdacCO-BoRNBP